| 000 | 00687nam a2200193 i 4500 | ||
|---|---|---|---|
| 001 | 63070 | ||
| 003 | ES-MaACL | ||
| 005 | 20230906164800.0 | ||
| 007 | t| | ||
| 008 | 031128s1973 sp ||||1| spa d | ||
| 100 | 1 |
_aFernández-Quintanilla, César. _950018 |
|
| 245 | 1 | 0 |
_aCrianza de terneros con cantidades mínimas de leche y sustitutivos lácteos / _cpor César Fernández-Quintanilla ; gráficos de Luis Sauce ; dibujos de Antonio Aguirre. |
| 250 | _a[3ª ed.]. | ||
| 260 |
_aMadrid : _bExtensión Agraria, _c1973. |
||
| 300 |
_a63 p., 1 lám. : _bil. ; _c24 cm. |
||
| 700 | 1 |
_aSauce, Luis. _9103956 |
|
| 700 | 1 |
_aAguirre, Antonio. _918810 |
|
| 852 |
_aES-MaACL _jC-55079 _bR.87786 |
||
| 999 |
_c63070 _d63070 |
||